000 01711ngm a22003731a 4500
001 lss05592624
005 20200320175505.0
007 vf-cbaho-
008 881019s1988 cau122 0vleng d
035 _a()16152
245 0 0 _aGreatest classic films : Little women : Madame Bovary : Pride and prejudice : Anna Karenina
_h[videorecording] /
_cMetro-Goldwyn-Mayer.
260 _aCulver City, Ca. :
_bMGM/UA Home Video,
_cc1988.
300 _a1 videocassette (122 min.) :
_bsd., col. ;
_c1/2 in.
500 _aVHS format ; M200805.
500 _aFrom the novel by Louisa May Alcott.
500 _aVideocassette release of the 1949 motion picture.
508 _aProduced and directed by Mervyn LeRoy ; screenplay by Andrew Solt, Sarah Mason, and Victor Heerman.
511 1 _aJune Allyson, Peter Lawford, Margaret O'Brien, Elizabeth Taylor, Janet Leigh.
520 _aMeg, Jo, Beth, and Amy March live with their mother in New England while their father is off to the Civil War.
521 8 _aNot rated.
590 _aChildren.
700 1 _aAlcott, Louisa May,
_d1832-1888
_99955
700 1 _aLawford, Peter,
_d1923- .
_95712229
700 1 _aO'Brien, Margaret,
_d1937- .
_927588
700 1 _aTaylor, Elizabeth,
_d1932- .
_91849
700 1 _aLeigh, Janet.
_918661
700 1 _aLeRoy, Mervyn,
_d1900-1987.
_925655
710 2 _aMetro-Goldwyn-Mayer, Inc.
_95819894
710 2 _aMGM/UA Home Video.
_95819895
942 _cDVD
_012
948 _a05/11/2004
_b02/11/2014
_zSirsi
949 1 0 _b34301000163362
_cVIDEO
_d257 LIT
_p1995
_mWCL
_nWCL
_tVID
996 _a16152
_b34301001378555
_cDVD
_dDVD
_ewcl
_fi
_g12
_h25.00
_i.CIRCNOTE. 4 discs
_lamazon
_mGre
_p02/11/2014
_q11/13/2019
_r11/05/2019
999 _c256059
_d256059